| 000 | 00676nam a2200229Ia 4500 | ||
|---|---|---|---|
| 003 | OSt | ||
| 005 | 20230401130631.0 | ||
| 008 | 210423s2005 xx 000 0 und d | ||
| 040 | _cAL | ||
| 041 | _aeng | ||
| 082 |
_a659.2 BANS _223 |
||
| 100 |
_aBANKS (Stephen P) _982025 |
||
| 245 | _aMulticultural public relations: a social interpretive approach | ||
| 250 | _a2 | ||
| 260 |
_aNew Delhi _bSurjeeth Publications _c2005 |
||
| 300 | _axi,144 | ||
| 365 |
_b160 _cINR |
||
| 650 |
_aManagement & Auxiliary Services 650 _982026 |
||
| 650 |
_aPublic Relations _982027 |
||
| 906 | _aapproach ; interpretive ; Multicultural ; public ; relations: ; social | ||
| 942 |
_2ddc _cBK |
||
| 999 |
_c155490 _d155490 |
||